LEADER 01130nam a2200289 u 4500 001 000000042967 003 CaOOAMICUS 005 20070226114402.0 008 990315s1975 sp d u000 u spa u 035 $a10817272 040 $aPUL(R)$bita$dPUL(R) 100 1 $aLoizu, Máximo.$0(OLS)http://pul/name/31501 245 10$aCapitalismo europeo y emigración /$cMáximo Loizu. 260 $aBarcelona :$bAvance,$c1975. 300 $a137 p. :$bdiagr. ;$c19 cm 490 1 $aTextos de apoyo ;$v2 500 $aContiene indice. 504 $aBibliografia: p. 137. 650 4$aCapitalismo moderno$xStoria.$0(OLS)http://pul/subject/18937 650 4$aEmigrazione.$0(OLS)http://pul/subject/14541 830 0$aTextos de apoyo ;$v2.$0(OLS)http://pul/title/57952 850 $aPUL 852 $aPUL$W1$xDP1 Cons. Gen., Altre Classi 1$y22$m46 C 31$j57949$nBK-PRI$b $qStampati$B57949$CPULBib$Z2$F57949 $H $81 941 1 $a8 961 $aINV: 63971 996 $6245$aCapitalismo europeo y emigración$9(OLS)http://pul/title/57951 996 $6260$aBarcelona :$bAvance$9(OLS)http://pul/publisher/65089 LEADER 01229nam a2200241 a 4500 001 000000110495 003 CaOOAMICUS 005 20080310130743.0 008 080310s1984 it u100 u ita d 040 $aPUU$bita$dcbg$dPUL$dLDB 100 1 $aHäring, Bernhard,$cC.SS.R.,$d1912-1998.$0(OLS)http://pul/name/6314 245 10$aProclamare la salvezza e guarire i malati :$bverso una visione più chiara di una sintesi fra evangelizzazione e diakonia sanante /$cBernhard Haring. 260 $a[S.l.] :$bOspedal Miulli,$c1984. 300 $a101 p. ;$c21 cm. 490 1 $aQuaderni ;$v01 504 $aInclude riferimenti bibliografici. 650 4$aMalattie$xAspetti morali e religiosi.$0(OLS)http://pul/subject/13246 830 0$aQuaderni (Ospedale Miulli) ;$v01.$0(OLS)http://pul/title/61853 850 $aPUL 852 $aPUL$W1$xDP1 Cons. Gen., Altre Classi 1$y22$m777 F 46$j126575$qStampati$B125300$CPULBib$Z2$F125300 $H59766 $82 941 1 $a8 996 $6245$aProclamare la salvezza e guarire i malati :$bverso una visione più chiara di una sintesi fra evangelizzazione e diakonia sanante$9(OLS)http://pul/title/138947 996 $6260$a[S.l.] :$bOspedal Miulli$9(OLS)http://pul/publisher/79766